000 00811cab a2200253 4500
001 ABS57119
008 090401t1997 xxu||||| |||| 00| 0 eng d
035 _a(Sirsi) u98513
041 _aeng
100 _aMynors, C.
245 _aM`Learned friend
260 _c1997
350 _a0
490 _aContext
_v(54) June 1997, 38-39(2)
520 _aConsiders the decision of the House of Lords which decided that the removal of part of a listed building constitutes alteration, not demolition. "Shimizu (UK) Ltd v Westminster CC" (1997).
650 _aALTERATIONS
650 _aDEMOLITION
650 _aLISTED BUILDINGS AND CONSERVATION AREAS ACT 1990
650 _aLISTED BUILDINGS
650 _aSHIMIZU V WESTMINSTER CC
690 _aCONSERVATION-CASE LAW
942 _n0
948 _c18/06/1997
999 _c59895
_d59895